Die heiligen schriften des alten Testaments nach der Vulgata
Gespeichert in:
| Hauptverfasser: | , |
|---|---|
| Format: | Buch |
| Sprache: | Deutsch |
| Veröffentlicht: |
Ratisbona
Georg Joseph Manz
1885
|
| Ausgabe: | 3a. ed |
| Schlagworte: | |
| Tags: |
Tag hinzufügen
Keine Tags, Fügen Sie den ersten Tag hinzu!
|
MARC
| LEADER | 00000cam a2200000 a 4500 | ||
|---|---|---|---|
| 001 | UCD2295 | ||
| 003 | CL-VaPUC | ||
| 008 | 160421e18850000gw |||||||||||||||||ger|d | ||
| 082 | 0 | 4 | |a 220 |b LOC |2 21 |
| 100 | |a Loch, Valentin |e autor |9 585614 | ||
| 700 | 0 | |a Reischl, Wilhelm |e author |9 585615 | |
| 245 | 1 | 4 | |a Die heiligen schriften des alten Testaments nach der Vulgata |
| 250 | |a 3a. ed | ||
| 300 | |a v | ||
| 942 | |c BK | ||
| 945 | |d 20160421 23:07:00 |a dcastane | ||
| 260 | |a Ratisbona |b Georg Joseph Manz |c 1885 | ||
| 650 | 0 | |a Biblia |9 257603 | |
| 650 | 0 | |a Antiguo testamento |9 313678 | |
| 583 | |a last modification |c 20160421 23:07:00 |k Rodrigo Vera | ||
| 999 | |c 363458 |d 363456 | ||
| 952 | |0 0 |1 0 |3 erd |4 0 |6 220_000000000000000_LOC_1885 |7 0 |8 X |9 475872 |a BIBTEO |b BIBTEO |c TEO_FFR |h v.1 |i 5225906 |o 220 LOC 1885 |p 5225906 |r 2024-01-18 |w 2019-11-24 |y BK_X |z Catalogado en:20160421 |k OFM | ||
| 952 | |0 0 |1 0 |3 erd |4 0 |6 220_000000000000000_LOC_1885 |7 0 |8 X |9 475873 |a BIBTEO |b BIBTEO |c TEO_FFR |h v.2 |i 5225914 |o 220 LOC 1885 |p 5225914 |r 2024-01-18 |w 2019-11-24 |y BK_X |z Catalogado en:20160421 |k OFM | ||
| 952 | |0 0 |1 0 |3 erd |4 0 |6 220_000000000000000_LOC_1885 |7 0 |8 X |9 475874 |a BIBTEO |b BIBTEO |c TEO_FFR |h v.3-4 |i 5225922 |o 220 LOC 1885 |p 5225922 |r 2024-01-18 |w 2019-11-24 |y BK_X |z Catalogado en:20160421 |k OFM | ||